Pokémon used by Elite 4/Champion - Statistics

General Stats
  • This quiz has been taken 47 times
  • The average score is 309 of 420
Answer Stats
Game Member Gen Type Answer % Correct
RBG Lance 1 Rock/Flying Aerodactyl
95%
B2W2 Blue 1 Rock/Flying Aerodactyl
95%
ORAS Steven 1 Rock/Flying Aerodactyl
95%
GSC Lance 1 Fire/Flying Charizard
95%
RBG Blue 1 Fire/Flying Charizard
95%
GSC Red 1 Fire/Flying Charizard
95%
SWSH Leon 1 Fire/Flying Charizard
95%
RBG Lance 1 Dragon Dragonair
95%
RBG Lance 1 Dragon/Flying Dragonite
95%
SV Hassel 1 Dragon/Flyinyg Dragonite
95%
SV Drayton 1 Dragon/Flying Dragonite
95%
SV Kieran 1 Dragon/Flying Dragonite
95%
RBG Agatha 1 Ghost/Poison Gengar
95%
GSC Karen 1 Ghost/Poison Gengar
95%
B2W2 Shauntal 1 Ghost/Poison Gengar
95%
RBG Agatha 1 Poison/Flying Golbat
95%
RBG Agatha 1 Ghost/Poison Haunter
95%
RBG Bruno 1 Fighting Hitmonchan
95%
RBG Bruno 1 Fighting Hitmonlee
95%
RBG Blue 1 Psychic Alakazam
90%
DPP Lucian 1 Psychic Alakazam
90%
B2W2 Caitlin 1 Psychic Alakazam
90%
RBG Agatha 1 Poison Arbok
90%
RBG Blue 1 Fire Arcanine
90%
BDSP Flint 1 Fire Arcanine
90%
RBG Lorelei 1 Water/Ice Dewgong
90%
LPLE Lance 7 Grass/Dragon Exeggutor
90%
RBG Blue 1 Grass/Psychic Exeggutor
90%
GSC Will 1 Grass/Psychic Exeggutor
90%
SV Cripsin 1 Grass/Psychic Exeggutor
90%
Y Blue 1 Fire Flareon
90%
P Flint 1 Fire Flareon
90%
USUM Hau 1 Fire Flareon
90%
B2W2 Lance 3 Ground/Dragon Flygon
90%
RSE Drake 3 Ground/Dragon Flygon
90%
BDSP Aaron 3 Ground/Dragon Flygon
90%
SV Drayon 3 Ground/Dragon Flygon
90%
HGSS Lance 4 Dragon/Ground Garchomp
90%
DPP Cynthia 4 Dragon/Ground Garchomp
90%
RBG Lance 1 Water/Flying Gyarados
90%
RBG Blue 1 Water/Flying Gyarados
90%
E Wallace 1 Water/Flying Gyarados
90%
XY Siebold 1 Water/Flying Gyarados
90%
FRLG Blue 2 Bug/Fighting Heracross
90%
DPP Aaron 2 Bug/Fighting Heracross
90%
GSC Karen 2 Dark/Fire Houndoom
90%
P Flint 2 Dark/Fire Houndoom
90%
B2W2 Grimsley 2 Dark/Fire Houndoom
90%
B2W2 Lance 5 Dark/Dragon Hydreigon
90%
B2W2 Iris 5 Dragon/Dark Hydreigon
90%
RBG Lorelei 1 Ice/Psychic Jynx
90%
GSC Will 1 Ice/Psychic Jynx
90%
FRLG Lance 2 Water/Dragon Kingdra
90%
E Drake 2 Water/Dragon Kingdra
90%
SV Drayton 2 Water/Dragon Kingdra
90%
SWSH Mustard 7 Dragon/Fighting Kommo-O
90%
RBG Lorelei 1 Water/Ice Lapras
90%
HGSS Red 1 Water/Ice Lapras
90%
B2W2 Iris 1 Water/Ice Lapras
90%
RBG Bruno 1 Fighting Machamp
90%
B2W2 Blue 1 Fighting Machamp
90%
B2W2 Marshal 1 Fighting Machamp
90%
E Wallace 3 Water Milotic
90%
DPP Cynthia 3 Water Milotic
90%
GSC Koga 1 Poison Muk
90%
RBG Bruno 1 Rock/Ground Onix
90%
RBG Blue 1 Flying/Normal Pidgeot
90%
LPLE Trace 1 Flying/Normal Pidgeot
90%
BDSP Cynthia 4 Normal Porygon-Z
90%
SV Kieran 4 Normal Porygon-Z
90%
LPLE Trace 1 Electric Raichu
90%
USUM Hau 7 Electric/Psychic Raichu
90%
RBG Blue 1 Rock/Ground Rhydon
90%
LPLE Lorelei 7 Ice/Steel Sandslash
90%
Y Blue 1 Ground Sandslash
90%
Y Blue 1 Water Vaporeon
90%
USUM Hau 1 Water Vaporeon
90%
LPLE Trace 1 Grass/Poison Vileplume
90%
GSC Karen 1 Grass/Poison Vileplume
90%
RSE Glacia 3 Water/Ice Walrein
90%
B2W2 Wallace 3 Ice/Water Walrein
90%
HGSS Lance 3 Dragon/Flying Altaria
85%
RSE Drake 3 Flying/Dragon Altaria
85%
XY Drasna 3 Dragon/Flying Altaria
85%
SV Larry 3 Flying/Dragon Altaria
85%
RBG Blue 1 Water Blastoise
85%
GSC Red 1 Water Blastoise
85%
RBG Lorelei 1 Water/Ice Cloyster
85%
Y Blue 1 Water/Ice Cloyster
85%
FRLG Agatha 2 Poison/Flying Crobat
85%
GSC Koga 2 Poison/Flying Crobat
85%
SM Kahili 2 Poison/Flying Crobat
85%
DPP Aaron 4 Poison/Dark Drapion
85%
BW Grimsley 4 Poison/Dark Drapion
85%
GSC Red 2 Psychic Espeon
85%
P Lucian 2 Psychic Espeon
85%
RSE Glacia 3 Ice Glalie
85%
LPLE Bruno 7 Rock/Electric Golem
85%
DPP Bertha 1 Rock/Ground Golem
85%
SM Olivia 7 Rock/Electric Golem
85%
B2W2 Lance 5 Dragon Haxorus
85%
ORAS Drake 5 Dragon Haxorus
85%
B2W2 Iris 5 Dragon Haxorus
85%
SWSH Leon 5 Dragon Haxorus
85%
SV Hassel 5 Dragon Haxorus
85%
SV Drayton 5 Dragon Haxorus
85%
GSC Bruno 2 Fighting Hitmontop
85%
Y Blue 1 Electric Jolteon
85%
LPLE Trace 1 Electric Jolteon
85%
HGSS Bruno 4 Fighting/Steel Lucario
85%
DPP Cynthia 4 Fighting/Steel Lucario
85%
B2W2 Marshal 4 Fighting/Steel Lucario
85%
E Wallace 3 Water/Grass Ludicolo
85%
Y Blue 1 Electric/Steel Magneton
85%
RSE Steven 3 Steel/Psychic Metagross
85%
BW Caitlin 3 Steel/Psychic Metagross
85%
USUM Molayne 3 Steel/Psychic Metagross
85%
SV Amarys 3 Steel/Psychic Metagross
85%
ORAS Phoebe 4 Ghost Mismagius
85%
B2W2 Shauntal 4 Ghost Mismagius
85%
Y Blue 1 Fire Ninetales
85%
SM Kukui 7 Ice/Fairy Ninetales
85%
GSC Red 1 Electric Pikachu
85%
LPLE Bruno 1 Water/Fighting Poliwrath
85%
SM Hala 1 Water/Fighting Poliwrath
85%
LPLE Trace 1 Fire Rapidash
85%
DPP Flint 1 Fire Rapidash
85%
HGSS Lance 3 Dragon/Flying Salamence
85%
RSE Drake 3 Dragon/Flying Salamence
85%
B2W2 Iris 3 Dragon/Flying Salamence
85%
ORAS Sidney 5 Fighting/Dark Scrafty
85%
BW Grimsley 5 Fighting/Dark Scrafty
85%
RBG Lorelei 1 Water/Psychic Slowbro
85%
LPLE Trace 1 Water/Psychic Slowbro
85%
GSC Will 1 Water/Psychic Slowbro
85%
BDSP Lucian 1 Water/Psychic Slowbro
85%
SV Lacey 8 Poison/Psychic Slowbro
85%
FRLG Bruno 2 Ground/Steel Steelix
85%
DP Flint 2 Steel/Ground Steelix
85%
FRLG Blue 2 Rock/Dark Tyranitar
85%
B2W2 Grimsley 2 Rock/Dark Tyranitar
85%
GSC Karen 2 Dark Umbreon
85%
RBG Blue 1 Grass/Poison Venusaur
85%
GSC Red 1 Grass/Poison Venusaur
85%
RSE Phoebe 3 Ghost Banette
80%
B2W2 Shauntal 3 Ghost Banette
80%
USUM Acerola 3 Ghost Banette
80%
HGSS Will 4 Steel/Psychic Bronzong
80%
DPP Lucian 4 Steel/Psychic Bronzong
80%
BW Caitlin 4 Steel/Psychic Bronzong
80%
SWSH Peony 4 Steel/Psychic Bronzong
80%
SV Poppy 4 Steel/Psychic Bronzong
80%
DP Flint 4 Ghost/Flying Drifblim
80%
BW Shauntal 4 Ghost/Flying Drifblim
80%
SM Acerola 4 Ghost/Flying Drifblim
80%
BW Alder 5 Dragon Druddigon
80%
B2W2 Iris 5 Dragon Druddigon
80%
XY Drasna 5 Dragon Druddigon
80%
ORAS Glacia 4 Ice/Ghost Froslass
80%
BW Shauntal 4 Ice/Ghost Froslass
80%
SM Acerola 4 Ice/Ghost Froslass
80%
HGSS Will 3 Psychic/Fairy Gardevoir
80%
XY Diantha 3 Psychic/Fairy Gardevoir
80%
DP Cynthia 4 Water/Ground Gastrodon
80%
B2W2 Cynthia 4 Ice Glaceon
80%
HGSS Bruno 3 Fighting Hariyama
80%
SM Hala 3 Fighting Hariyama
80%
HGSS Karen 4 Dark/Flying Honchkrow
80%
B2W2 Grimsley 4 Dark/Flying Honchkrow
80%
BW Grimsley 5 Ground/Dark Krookodile
80%
B2W2 Alder 5 Ground/Dark Krookodile
80%
USUM Molayne 4 Electric/Steel Magnezone
80%
SM Kukui 4 Electric/Steel Magnezone
80%
SV Poppy 4 Electric/Steel Magnezone
80%
DP Lucian 3 Psychic/Fighting Medicham
80%
B2W2 Marshal 3 Fighting/Psychic Medicham
80%
P Bertha 4 Ground/Rock Rhyperior
80%
SWSH Leon 4 Ground/Rock Rhyperior
80%
RSE Phoebe 3 Ghost/Dark Sableye
80%
SM Acerola 3 Ghost/Dark Sableye
80%
BW Marshal 5 Fighting Sawk
80%
RS Sidney 3 Water/Dark Sharpedo
80%
B2W2 Wallace 3 Water/Dark Sharpedo
80%
BW Grimsley 3 Water/Dark Sharpedo
80%
RSE Steven 2 Steel/Flying Skarmory
80%
SM Kahili 2 Steel/Flying Skarmory
80%
SV Amarys 2 Steel/Flying Skarmory
80%
HGSS Koga 4 Poison/Dark Skuntank
80%
GSC Red 1 Normal Snorlax
80%
SM Kukui 1 Normal Snorlax
80%
HGSS Karen 4 Dark/Ghost Spiritomb
80%
DPP Cynthia 4 Dark/Ghost Spiritomb
80%
B2W2 Wallace 1 Water/Psychic Starmie
80%
XY Siebold 1 Water/Psychic Starmie
80%
BW Marshal 5 Fighting Throh
80%
P Cynthia 4 Fairy/Flying Togekiss
80%
HGSS Karen 4 Dark/Ice Weavile
80%
LPLE Agatha 1 Poison Weezing
80%
ORAS Glacia 4 Ice/Grass Abomasnow
75%
HGSS Karen 3 Dark Absol
75%
RSE Sidney 3 Dark Absol
75%
B2W2 Grimsley 3 Dark Absol
75%
RSE Steven 3 Steel/Rock Aggron
75%
B2W2 Iris 3 Steel/Rock Aggron
75%
SWSH Peony 3 Rock/Steel Aggron
75%
B2W2 Steven 5 Rock/Flying Archeops
75%
BW N 5 Rock/Flying Archeops
75%
B2W2 Iris 5 Rock/Flying Archeops
75%
GSC Koga 2 Bug/Poison Ariados
75%
B2W2 Cynthia 5 Flying/Normal Braviary
75%
B2W2 Alder 5 Flying/Normal Braviary
75%
USUM Kahili 5 Normal/Flying Braviary
75%
SM Kukui 5 Flying/Normal Braviary
75%
RSE Sidney 3 Grass/Dark Cacturne
75%
BW Marshal 5 Fighting Conkeldurr
75%
B2W2 Alder 5 Fighting Conkeldurr
75%
RSE Steven 3 Rock/Grass Cradily
75%
USUM Olivia 3 Rock/Grass Cradily
75%
E Sidney 3 Water/Dark Crawdaunt
75%
ORAS Drake 6 Poison/Dragon Dragalge
75%
XY Drasna 6 Dragon/Poison Dragalge
75%
SV Hassel 6 Poison/Dragon Dragalge
75%
ORAS Phoebe 4 Ghost/Flying Drifblim
75%
RSE Phoebe 3 Ghost Dusclops
75%
ORAS Phoebe 4 Ghost Dusknoir
75%
GSC Koga 2 Bug/Steel Forretress
75%
P Lucian 4 Psychic/Fighting Gallade
75%
B2W2 Caitlin 4 Psychic/Fighting Gallade
75%
DPP Flint 4 Fire/Fighting Infernape
75%
BW Shauntal 5 Ghost/Water Jellicent
75%
DP Flint 4 Normal Lopunny
75%
P Flint 4 Fire Magmortar
75%
SV Crispin 4 Fire Magmortar
75%
BDSP Bertha 4 Ground/Ice Mamoswine
75%
ORAS Sidney 5 Dark/Flying Mandibuzz
75%
SM Kahili 5 Flying/Dark Mandibuzz
75%
LPLE Agatha 7 Ghost/Fire Marowak
75%
LPLE Trace 1 Ground Marowak
75%
FRLG Agatha 2 Ghost Misdreavus
75%
GSC Karen 2 Dark/Flying Murkrow
75%
FRLG Lorelei 2 Ground/Ice Piloswine
75%
DP Bertha 2 Water/Ground Quagsire
75%
BW Caitlin 5 Psychic Reuniclus
75%
B2W2 Alder 5 Psychic Reuniclus
75%
SV Amarys 5 Psychic Reuniclus
75%
P Aaron 2 Bug/Steel Scizor
75%
XY Wikstrom 2 Bug/Steel Scizor
75%
SWSH Peony 2 Bug/Steel Scizor
75%
SV Amarys 2 Bug/Steel Scizor
75%
RSE Glacia 3 Water/Ice Sealeo
75%
E Wallace 1 Water/Poison Tentacruel
75%
XY Malva 3 Fire Torkoal
75%
HGSS Koga 4 Poison/Fighting Toxicroak
75%
BW Marshal 4 Fighting/Poison Toxicroak
75%
GSC Koga 1 Bug/Poison Venomoth
75%
E Wallace 3 Water/Ground Whiscash
75%
DPP Bertha 3 Water/Ground Whiscash
75%
SV Rika 3 Water/Ground Whiscash
75%
GSC Will 2 Psychic/Flying Xatu
75%
RSE Steven 3 Rock/Bug Armaldo
70%
USUM Olivia 3 Rock/Bug Armaldo
70%
BW Grimsley 5 Steel/Dark Bisharp
70%
USUM Molayne 5 Steel/Dark Bisharp
70%
BW Marshal 3 Grass/Fighting Breloom
70%
ORAS Steven 6 Rock/Fairy Carbink
70%
SM Olivia 6 Rock/Fairy Carbink
70%
ORAS Phoebe 5 Ghost/Fire Chandelure
70%
BW Shauntal 5 Ghost/Fire Chandelure
70%
B2W2 Alder 5 Ghost/Fire Chandelure
70%
XY Malva 5 Ghost/Fire Chandelure
70%
USUM Molyane 7 Ground/Steel Dugtrio
70%
SV Rika 1 Ground Dugtrio
70%
SV Amarys 7 Ground/Steel Dugtrio
70%
DP Aaron 3 Bug/Poison Dustox
70%
B2W2 Cynthia 5 Electric Eelektross
70%
P Bertha 4 Ground/Flying Gliscor
70%
BW Shauntal 5 Ground/Ghost Golurk
70%
XY Diantha 6 Dragon Goodra
70%
SV Nemona 6 Dragon Goodra
70%
DPP Bertha 4 Ground Hippowdon
70%
BW Grimsley 5 Dark Liepard
70%
XY Drasna 6 Flying/Dragon Noivern
70%
USUM Hau 7 Flying/Dragon Noivern
70%
SV Hassel 6 Flying/Dragon Noivern
70%
SM Hala 1 Fighting Primeape
70%
XY Wikstrom 4 Rock/Steel Probopass
70%
SM Olivia 4 Rock/Steel Probopass
70%
DPP Cynthia 4 Grass/Poison Roserade
70%
RSE Sidney 3 Grass/Dark Shiftry
70%
XY Malva 6 Flying/Fire Talonflame
70%
SV Crispin 6 Fire/Flying Talonflame
70%
XY Diantha 6 Rock/Dragon Tyrantrum
70%
ORAS Glacia 5 Ice Vanilluxe
70%
BW N 5 Ice Vanilluxe
70%
BW Alder 5 Ice Vanilluxe
70%
BW Alder 5 Bug/Fire Volcarona
70%
P Aaron 4 Bug/Flying Yanmega
70%
ORAS Sidney 5 Dark Zoroark
70%
BW N 5 Dark Zoroark
70%
XY Diantha 6 Rock/Ice Aurorus
65%
XY Siebold 6 Water/Rock Barbaracle
65%
ORAS Glacia 5 Ice Beartic
65%
DP Aaron 3 Bug/Flying Beautifly
65%
BW N 5 Rock/Water Carracosta
65%
RSE Steven 3 Ground/Psychic Claydol
65%
DP Lucian 2 Normal/Psychic Girafarig
65%
BW Caitlin 5 Psychic Gothitelle
65%
XY Diantha 6 Ghost/Grass Gourgeist
65%
XY Diantha 6 Fighting/Flying Hawlucha
65%
USUM Kahili 6 Flying/Fighting Hawlucha
65%
RSE Sidney 3 Dark Mightyena
65%
DPP Lucian 1 Psychic/Fairy Mr.Mime
65%
BDSP Bertha 1 Poison/Ground Nidoking
65%
XY Malva 6 Fire/Normal Pyroar
65%
SV Crispin 4 Electric/Fire Rotom
65%
RSE Drake 3 Dragon Shelgon
65%
BW Caitlin 5 Psychic/Flying Sigilyph
65%
DP Bertha 2 Rock Sudowoodo
65%
B2W2 Wallace 3 Water/Ground Swampert
65%
USUM Hau 1 Normal Tauros
65%
SV Larry 1 Normal Tauros
65%
DPP Aaron 4 Bug/Flying Vespiquen
65%
E Wallace 3 Water Wailord
65%
XY Wikstrom 6 Steel/Ghost Aegislash
60%
SWSH Leon 6 Steel/Ghost Aegislash
60%
BW Alder 5 Normal Bouffalant
60%
SV Rika 3 Fire/Ground Camerupt
60%
SV Crispin 3 Fire/Ground Camerupt
60%
SWSH Leon 8 Fire Cinderace
60%
XY Siebold 6 Water Clawitzer
60%
SM Hala 7 Fighting/Ice Crabominable
60%
USUM Hau 7 Fighting/Ice Crabominable
60%
SM Kukui 7 Grass/Ghost Decidueye
60%
USUM Hau 7 Grass/Ghost Decidueye
60%
BW Alder 5 Bug/Steel Escavalier
60%
USUM Olivia 5 Rock Gigalith
60%
SM Kukui 7 Fire/Dark Incineroar
60%
USUM Hau 7 Fire/Dark Incineroar
60%
SV Kieran 7 Fire/Dark Incineroar
60%
SWSH Leon 8 Water Inteleon
60%
XY Wikstrom 6 Steel/Fairy Klefki
60%
USUM Molayne 6 Steel/Fairy Klefki
60%
USUM Hau 4 Grass Leafeon
60%
SWSH Mustard 4 Electric Luxray
60%
BW Caitlin 5 Psychic Musharna
60%
SWSH Leon 8 Grass Rillaboom
60%
LPLE Lance 1 Water Seadra
60%
SV Rika 4 Grass/Ground Torterra
60%
BW Alder 5 Bug Accelgor
55%
SM Hala 7 Fighting/Normal Bewear
55%
SV Rika 9 Ground/Poison Clodsire
55%
SWSH Peony 8 Steel Copperajah
55%
SV Poppy 8 Steel Copperajah
55%
SWSH Mustard 8 Flying/Steel Corviknight
55%
SV Poppy 8 Flying/Steel Corviknight
55%
SM Acerola 7 Ghost/Grass Dhelmise
55%
SV Rika 2 Ground Donphan
55%
HGSS Will 3 Psychic Grumpig
55%
BW N 5 Steel Klinklang
55%
SM Olivia 7 Rock Lycanroc
55%
SM Kukui 7 Rock Lycanroc
55%
SWSH Mustard 7 Rock Lycanroc
55%
SV Nemona 7 Rock Lycanroc
55%
BW Marshal 5 Fighting Mienshao
55%
SWSH Mustard 5 Fighting Mienshao
55%
SWSH Leon 8 Ice/Psychic Mr.Rime
55%
SM Kukui 7 Water/Fairy Primarina
55%
USUM Hau 7 Water/Fairy Primarina
55%
SV Lacey 7 Water/Fairy Primarina
55%
SM Olivia 3 Rock/Water Relicanth
55%
SV Larry 4 Flying/Normal Staraptor
55%
HGSS Koga 3 Poison Swalot
55%
SV Larry 3 Grass/Flying Tropius
55%
BW N 5 Dragon/Electric Zekrom
55%
SV Crispin 3 Fire/Fighting Blaziken
50%
SWSH Leon 8 Dragon/Ghost Dragapult
50%
SV Geeta 8 Dragon/Ghost Dragapult
50%
SV Amarys 4 Water/Steel Empoleon
50%
B2W2 Steven 5 Ground/Steel Excadrill
50%
SV Lacey 5 Ground/Steel Excadrill
50%
SV Geeta 9 Steel/Dark Kingambit
50%
SM Kahili 7 Fire/Flying Oricorio
50%
SV Larry 7 Flying/Electric Oricorio
50%
SM Acerola 7 Ghost/Ground Palossand
50%
BW N 5 Dragon/Fire Reshiram
50%
SWSH Leon 5 Water/Ground Seismitoad
50%
SM Kahili 7 Flying/Normal Toucannon
50%
SWSH Mustard 8 Fighting/Dark Urshifu
50%
SWSH Mustard 8 Fighting/Water Urshifu
50%
SV Geeta 6 Ice Avalugg
45%
SV Poppy 4 Rock/Steel Bastiodon
45%
SV Hassel 9 Dragon/Ice Baxcalibur
45%
SV Geeta 6 Grass/Fighting Chesnaught
45%
SV Kieran 8 Dark/Fairy Grimmsnarl
45%
SV Lacey 3 Electric Minun
45%
SV Lacey 3 Electric Plusle
45%
SV Drayton 3 Grass Sceptile
45%
SV Poppy 9 Fairy/Steel Tinkaton
45%
SV Drayton 9 Steel/Dragon Archaludon
40%
SV Larry 9 Normal Dudunsparce
40%
SV Nemona 9 Normal Dudunsparce
40%
SV Hassel 8 Steel/Dragon Duraludon
40%
SV Geeta 9 Psychic Espathra
40%
SV Larry 9 Flying/Fighting Flamigo
40%
SV Hassel 8 Grass/Dragon Flapple
40%
SV Geeta 9 Rock/Poison Glimmora
40%
SV Lacey 2 Fairy Granbull
40%
SV Kieran 9 Grass/Dragon Hydrapple
40%
SV Larry 9 Normal Oinkologne
40%
SV Geeta 9 Water/Psychic Veluza
40%
SV Lacey 5 Grass/Fairy Whimsicott
40%
SV Lacey 8 Fairy Alcremie
35%
SV Geeta 6 Grass Gogoat
35%
SV Nemona 9 Grass/Dark Meowscarada
35%
SV Nemona 9 Steel Orthworm
35%
SV Nemona 9 Electric/Fighting Pawmot
35%
SWSH Peony 8 Steel Perrserker
35%
SV Kieran 2 Water Politoed
35%
SV Nemona 9 Water/Fighting Quaquaval
35%
SV Nemona 9 Fire/Ghost Skeledirge
35%
No matching quizzes found
Score Distribution
Percent of People with Each Score
Percentile by Number Answered
Your Score History
You have not taken this quiz